Biblioteca

Tanya, primera bailarina en El Patito Feo / Patricia Lee Gauch, Il. : Satomi Ichikawa (Registro nro. 47322)

Detalles MARC
000 -LÍDER
Campo fijo de descripción fija 006700000a22002170004500
001 - NÚMERO DE CONTROL
Campo de control 64
003 - IDENTIFICADOR DEL NÚMERO DE CONTROL
Campo de control CO-MdFUSB
005 - FECHA Y HORA DE LA ULTIMA TRANSACCIÓN
control field 20170512142313.0
008 - ELEMENTOS DE LONGITUD FIJA -- INFORMACIÓN GENERAL
Campo fijo de descripción fija -- Información general 170512b xxu||||| |||| 00| 0 eng d
020 ## - NÚMERO INTERNACIONAL NORMALIZADO PARA LIBROS
Número Internacional Normalizado del libro 84-8488-132-6
040 ## - FUENTE DE CATALOGACIÓN
Agencia que realiza la transcripción CO-MdBIC
082 04 - NÚMERO DE CLASIFICACIÓN DECIMAL DEWEY
Número de clasificación 863C L510t
100 1# - ASIENTO PRINCIPAL--NOMBRE PERSONAL
Nombre personal Gauch, Patricia Lee
245 10 - TÍTULO
Título del Material Tanya, primera bailarina en El Patito Feo / Patricia Lee Gauch, Il. : Satomi Ichikawa
260 ## - PUBLICACIÓN, DISTRIBUCIÓN, ETC. (PIE DE IMPRENTA)
Lugar de publicación, distribución, etc. Barcelona : Serres
300 ## - DESCRIPCIÓN FÍSICA
Extensión [ 34 P. ]
500 ## - NOTA GENERAL
Nota General Glosario terminos de ballet
505 00 - NOTA DE CONTENIDO
Nota de contenido con formato preestablecido Profunda reflexíon sobre la oculta belleza que guarda el alma de cada niño. Superacíon personal
650 14 - ASIENTO SECUNDARIO DE MATERIA - TERMINO TEMÁTICO
Término temático o nombre geográfico como elemento de entrada Literatura infantil
942 ## - TIPO DE MATERIAL (KOHA)
Tipo de Item KOHA Z- Libro General BINCO
Existencias
Estado de Material Estado de Perdido Forma de Clasificación Volumen-Parte/Tomo Estado de Dañado No para Préstamo Tomo Biblioteca de Origen Biblioteca Permanente Fecha de Adquisición Total de Préstamos Signatura Topográfica Código de Barras Última vez visto Ejemplar/Existencia Fecha de Remplazo Tipo de Material
    Dewey Decimal Classification         Biblioteca Infantil Comunitaria BINCO Biblioteca Infantil Comunitaria BINCO 06/02/2006   863C L510t B30079 24/11/2016 1 26/01/2016 Z- Libro General BINCO

Biblioteca FUSBC | Teléfono: (57+4) 349 88 10 Ext. 141| WhatsApp (+57) 3005338115 
E-mail: biblioteca@unisbc.edu.co | Calle 76 87-14 Robledo Palenque, Medellín, Colombia

Con tecnología Koha